000 00499nam a22001937a 4500
005 20231214144837.0
008 231013b |||||||| |||| 00| 0 eng d
020 _cRs.70.00
040 _aLoreto College
041 _aEnglish
082 _a891.44
_bRAM-DAS
100 _aDasgupta, Sashibhusan
245 _aChotoder Valmiki Ramayana
_cSashibhusan Dasgupta
260 _aKolkata
_bShishu Sahitya Samsad
_c1959
300 _a152p.
_b17cm.
650 _aRamayana
850 _aLCLIB
942 _cBK
999 _c43556
_d94035